| 000 | 00594nam a2200193Ia 4500 | ||
|---|---|---|---|
| 003 | GCL | ||
| 008 | 140319s9999 xx 000 0 ara d | ||
| 040 |
_aGCL / _cGCL |
||
| 082 | 0 | 4 |
_a372.2 _bم ت |
| 100 | 1 | _aمنصور حسين | |
| 245 | 1 | 0 |
_aالتعليم الاساسى مفاهيمه - مبادؤه - تطبيقاته / _cمنصور حسين |
| 700 | 1 | _aيوسف خليل يوسف | |
| 300 | _a80 | ||
| 490 |
_a100 قصة _v0 |
||
| 650 | 0 | 4 | _aالتعليم الالزامى |
| 650 | 0 | 4 | _aالتعليم الاساسى |
| 650 | 0 | 4 | _aالتربية والتعليم |
| 942 |
_2ddc _cBK |
||
| 999 |
_c43540 _d43540 |
||